00727cam a22002411 4500001001300000003000400013005001700017008004100034010001700075035001900092040004600111042001200157050001500169100003100184245006500215260005100280300001800331500001700349500004900366500001800415651002800433710002400461s 41000043 DLC20260227111912.0750110s1941 dcu 000 0 eng c as 41000043  a(OCoLC)1136579 aSmithsonian Inst. LibrarycOTdOCoLCdDLC apremarc00aF1407b.A41 aAlfaro, Rogelio E.,d1915-14aThe national heroes of Latin America,cby Rogelio E. Alfaro. aWashington, D.C.,bPan American Unionc[1941?] a18 l.c28 cm. aCover title. aAt head of title: Pan American day April 14. aMimeographed. 0aLatin AmericaxHistory.2 aPan American Union.